000 00753nam a2200289Ia 4500
005 20260324142906.0
008 008 260324s9999 xx 000 0 eng d
020 _a9781315807393
037 _aEBOOK
040 _aCRL
040 _beng
040 _cCRL
041 _2eng
041 _aeng
084 _qCRL
100 _aSarah T. Boysen; E. John Capaldi; E. John Capaldi; Sarah T. Boysen; E. John Capaldi
_91213618
245 4 _aThe Development of Numerical Competence
245 0 _bAnimal and Human Models
260 _bTaylor and Francis
260 _c1993
365 _a
365 _b65.99
856 _uhttp://www.taylorfrancis.com/books/9781315807393
942 _cEBOOK
999 _c1818371
_d1818371